000 00675nam a22002417a 4500
001 14362
003 BD-JhCC
005 20250714100002.0
008 250714b |||||||| |||| 00| 0 eng d
020 _a9780141398204
035 _a(BD-JhCC)14362
040 _aBD-JhCC
_dBD-JhCC
041 _aeng
082 _223
_a821.1
_bTHR 2015
245 _aThree Tang Dynasty Poets /
_cTranslated by G.W. Robinson and Arthur Cooper
260 _aIndia:
_bPenguin Classics,
_c2015
300 _a53p.;
_c16 cm.
_ePaper binding
490 _aPenguin Little Black Classics
_v09
650 _aEnglish poetry
700 _aRobinson, G.W.
700 _aCooper, Arthur
942 _2ddc
_cBK
999 _c14362
_d14362